000 00450nam a2200181Ia 4500
008 230524s9999 xx 000 0 und d
020 _a8187328010
082 _a510
_bARU
100 _aS.Arumugan
_98163
245 0 _aEngineering Mathemathics Vol-I
250 _a5TH
260 _aCHENNAI
_bScitech
_c2001
300 _a597
500 _aQuantity Number: 1
650 _aMathematics
700 _a A.Somasundaram A.T Isaac
_98164
942 _cBK
999 _c11402
_d11402